And darkness closes in: ... national study of jail suicides : final report
| Autor Corporativo: | |
|---|---|
| Otros Autores: | |
| Tipo de documento: | Print Libro |
| Lenguaje: | Inglés |
| Publicado: |
Alexandia, Va.
The National Center on Institutions and Alternatives
1981
|
| En: | Año: 1981 |
| Disponibilidad en Tübingen: | Disponible en Tübingen. UB: KB 1 G 490 UB: KB 5 E 601 |
| Verificar disponibilidad: | HBZ Gateway |
| Servicio de pedido Subito: | Pedir ahora. |
MARC
| LEADER | 00000cam a22000002c 4500 | ||
|---|---|---|---|
| 001 | 1098972694 | ||
| 003 | DE-627 | ||
| 005 | 20220514162851.0 | ||
| 007 | tu | ||
| 008 | 920706s1981 xx ||||| 00| ||eng c | ||
| 035 | |a (DE-627)1098972694 | ||
| 035 | |a (DE-576)028972694 | ||
| 035 | |a (DE-599)BSZ028972694 | ||
| 035 | |a (OCoLC)311345441 | ||
| 040 | |a DE-627 |b ger |c DE-627 |e rakwb | ||
| 041 | |a eng | ||
| 245 | 0 | 0 | |a And darkness closes in |b ... national study of jail suicides : final report |c Lindsay M. Hayes, proj. dir.; National Center on Institutions and Alternatives |
| 264 | 1 | |a Alexandia, Va. |b The National Center on Institutions and Alternatives |c 1981 | |
| 300 | |a VII, 83 S. | ||
| 336 | |a Text |b txt |2 rdacontent | ||
| 337 | |a ohne Hilfsmittel zu benutzen |b n |2 rdamedia | ||
| 338 | |a Band |b nc |2 rdacarrier | ||
| 583 | 1 | |a Archivierung prüfen |c 20200919 |f DE-640 |z 2 |2 pdager | |
| 700 | 1 | |a Hayes, Lindsay M. |0 (DE-627)1235825108 |0 (DE-576)165825103 |4 oth | |
| 710 | 2 | |a National Center on Institutions and Alternatives |g Baltimore, Md. |0 (DE-588)5046637-9 |0 (DE-627)70944284X |0 (DE-576)193503913 |4 oth | |
| 951 | |a BO | ||
| ELC | |b 1 | ||
| LOK | |0 000 xxxxxcx a22 zn 4500 | ||
| LOK | |0 001 218783851X | ||
| LOK | |0 003 DE-627 | ||
| LOK | |0 004 1098972694 | ||
| LOK | |0 005 20020606000000 | ||
| LOK | |0 008 920706||||||||||||||||ger||||||| | ||
| LOK | |0 040 |a DE-21 |c DE-627 |d DE-21 | ||
| LOK | |0 852 |a DE-21 | ||
| LOK | |0 852 1 |c KB 5 E 601 |9 00 | ||
| LOK | |0 935 |a krim | ||
| LOK | |0 936ln |a kohne | ||
| LOK | |0 936ln |a kNotat. | ||
| LOK | |0 939 |a 06-07-92 |b l01 | ||
| LOK | |0 000 xxxxxcx a22 zn 4500 | ||
| LOK | |0 001 2187838528 | ||
| LOK | |0 003 DE-627 | ||
| LOK | |0 004 1098972694 | ||
| LOK | |0 005 19920713000000 | ||
| LOK | |0 008 920713||||||||||||||||ger||||||| | ||
| LOK | |0 040 |a DE-21 |c DE-627 |d DE-21 | ||
| LOK | |0 852 |a DE-21 | ||
| LOK | |0 852 1 |c KB 1 G 490 |9 00 | ||
| LOK | |0 866 |x Microfiche | ||
| LOK | |0 935 |a ckop |a krim | ||
| LOK | |0 939 |a 13-07-92 |b l02 | ||
| ORI | |a SA-MARC-krimdoka001.raw | ||
| SIG | |a UB: KB 1 G 490 | ||
| SIG | |a UB: KB 5 E 601 | ||
